Recyklácia biomasy a polymérnych odpadov pyrolýzou/koppyrolýzou

Salvato in:
Dettagli Bibliografici
Autore principale: Jambor, Boris
Natura: Libro
Lingua:slovacco
Pubblicazione: Bratislava STU FCHPT 2010
Accesso online:Visualizza in OPAC
Tags: Aggiungi Tag
Nessun Tag, puoi essere il primo ad aggiungerne!!

MARC

LEADER 00000nam a2200000 a 4500
005 20260127133948.0
008 100817 2010 xo 000 0 slo d
035 |a vtls010123598 
039 9 |y 201008170939  |z mschk03 
040 |a STUSCHK1  |b slo  |c STUSCHK1  |e AACR2 
100 1 |a Jambor, Boris 
245 1 |a Recyklácia biomasy a polymérnych odpadov pyrolýzou/koppyrolýzou  |c Boris Jambor 
260 |a Bratislava  |b STU FCHPT  |c 2010 
300 |a 69 s.  |b il.  |c 30 cm 
500 |a Obháj.: 13.7. 2010 
500 |a Študijný program: chemické technológie 
500 |a Študijný odbor: 5.2.18 chemické technológie 
500 |a Bakalárska práca 
500 |a FCHPT, Oddelenie technológie ropy a petrochémie 
500 |a Evidenčné číslo: 5437-40229 
910 |a SCHK95 
999 |c 982  |d 982